01428nab a22002297a 4500003000400000005001700004008004100021040000700062100003200069245012600101260007200227300001300299500005000312505049000362505009000852650002000942650002400962650003100986650003001017650001901047773013201066OSt20260115230229.0190605e xxu||||| |||| 00| 0 spa d cPJ aGonzález Rossi, Alejandro13aEl trabajador autónomo de la Ley Bases. ¿Voluntarismo legal o racionalidad jurídica? /cAlejandro González Rossi.  aCiudad Autónoma de Buenos Aires :bThomson Reuters La Ley,c2025. ap. 26-32 aCita Online: Cita: TR LALEY AR/DOC/860/2025. aEn este trabajo se analiza el marco normativo de esta figura novedosa en Argentina, evaluando las implicancias de su triple subordinación legalizada, así como los inconvenientes derivados de su regulación y determinación. La exploración se centra en cómo esta nueva categoría puede afectar el equilibrio en el ámbito laboral, abriendo el debate sobre el mantenimiento de los conceptos laborales frente a las dinámicas del mercado propuestas actualmente y viceversa.  t¿Te interesa el texto completo? Solicitalo al correo: koha@justierradelfuego.gov.ar  0aDERECHO LABORAL 0aCONTRATO DE TRABAJO 0aLEY DE CONTRATO DE TRABAJO 0aRELACIÓN DE DEPENDENCIA 0aFRAUDE LABORAL0 02711dCiudad Autónoma de Buenos Aires : Thomson Reuters La Ley, 1999-2002.tRevista de derecho del trabajo. Nº 3 - Mayo 2025